| 000 | 00990nam a2200301 a 4500 | ||
|---|---|---|---|
| 001 | 669426 | ||
| 003 | OSt | ||
| 005 | 20230606103121.0 | ||
| 008 | 950126s1994 ke 000 0 eng | ||
| 010 | _a 94983458 | ||
| 020 | _a9966468471 | ||
| 040 |
_aDLC _cDLC |
||
| 042 | _alcode | ||
| 043 | _af------ | ||
| 050 | 0 | 0 |
_aHC800 _b.N358 1994 |
| 082 | 0 | 0 |
_a338.96 _bNDE |
| 100 | 1 | _aNdegwa, Philip. | |
| 245 | 1 | 0 |
_aAfrica to 2000 and beyond : _bimperative political and economic agenda / _cPhilip Ndegwa and Reginald Herbold Green. |
| 260 |
_aNairobi : _bEast African Educational Publishers, _c1994. |
||
| 300 |
_aviii, 131 p. ; _c21 cm. |
||
| 650 | 0 |
_aEconomic forecasting _zAfrica. |
|
| 651 | 0 |
_aAfrica _xEconomic policy. |
|
| 651 | 0 |
_aAfrica _xEconomic conditions _y1960- |
|
| 700 | 1 | _aGreen, Reginald Herbold. | |
| 906 |
_a7 _bcbc _corigode _d3 _encip _f19 _gy-gencatlg |
||
| 942 |
_2ddc _cBK |
||
| 999 |
_c554 _d554 |
||